Music Quiz

Random Music or Album Quiz

Journey Albums Quiz Stats

 Plays Quiz Updated Mar 27, 2020

     
Support Sporcle.
Go Orange.
Score 0/14 Timer 04:00
0 Plays Today
Year Album Title % Correct
1981Escape
76.5%
1975Journey
76.1%
1983Frontiers
57.5%
1986Raised on Radio
55.3%
1978Infinity
52.9%
1980Departure
51.9%
1979Evolution
47%
Year Album Title % Correct
2011Eclipse
38.2%
1996Trial by Fire
35.5%
1977Next
32.9%
2001Arrival
32.2%
2008Revelation
31.1%
2005Generations
26.5%
1976Look into the Future
25.8%

From the Vault

Ends in 'G' per Letter

by sproutcm

'G' we wonder how this quiz will end. *cough cough* Is this thing on? Don't forget to tip your waitress.
Remove Ads.
Support Sporcle.
Get the best of Sporcle when you Go Orange. This ad-free experience offers more features, more stats, and more fun while also helping to support Sporcle. Thank you for becoming a member.

Show Comments

Extras

Top Quizzes Today


Score Distribution

Your Account Isn't Verified!

In order to create a playlist on Sporcle, you need to verify the email address you used during registration. Go to your Sporcle Settings to finish the process.

Report this User

Report this user for behavior that violates our Community Guidelines.

Details: